000 00638cam a22002171a 4500
001 agr42000260
003 DLC
005 20260227111001.0
008 810903s1942 dcuab f000 0 eng
010 _aagr42000260
035 _a(OCoLC)7726520
040 _aDLC
_cCoG
_dDLC
042 _apremarc
050 0 0 _aSD428.C5
_bA5 1942
086 0 _aA 13.13:C 44/3
245 0 0 _aChippewa National Forest, Minnesota.
260 _aWashington :
_bU.S. Govt. Print. Off.,
_c1942.
300 _a 30 p. :
_bill., maps ;
_c23 cm.
651 0 _aChippewa National Forest (Minn.)
710 1 _aUnited States.
_bForest Service.
_bNorth Central Region.
999 _c10196
_d10196